00566nam a2200145Ia 4500008004100000020002200041041000800063082002800071100003700099245003500136260005100171300000900222999001900231952017000250230411s9999 xx 000 0 und d a978-81-239-1762-7 aeng aP/618.92/MIT/AGA/B05732 aMittal S & Agarwal Vijay9178695 aApproach to Pediatric Problems bCBS Publishers & DistributorsaNew Delhic2009 a374p c156225d156225 001040708PaBTINbBTINd2009-08-31eAhuja Book Companyg295.00i244l0oP 618.92 MIT AGA B05732pBTIN-BK-5732r2023-04-11 00:00:00v212.00w2009-08-31yBKzB05732